Catálogo

Animales racionales y dependientes : (Registro nro. 41091)

Detalles MARC
000 -LEADER
fixed length control field 01387cam a2200385 c 4500
001 - CONTROL NUMBER
control field 41091
003 - CONTROL NUMBER IDENTIFIER
control field Mx-PuUPA
005 - DATE AND TIME OF LATEST TRANSACTION
control field 20251217082054.0
008 - FIXED-LENGTH DATA ELEMENTS--GENERAL INFORMATION
fixed length control field 140415s2001 sp gr 001 0 spa d
017 ## - COPYRIGHT OR LEGAL DEPOSIT NUMBER
Copyright or legal deposit number B. 29.506-2001
020 ## - INTERNATIONAL STANDARD BOOK NUMBER
International Standard Book Number 9788449311031
040 ## - CATALOGING SOURCE
Original cataloging agency Mx-PuUPA
Language of cataloging spa
Transcribing agency Mx-PuUPA
Modifying agency Mx-PuUPA
Description conventions rda
041 1# - LANGUAGE CODE
Language code of text/sound track or separate title spa
Language code of original eng
100 1# - MAIN ENTRY--PERSONAL NAME
Personal name MacIntyre, Alasdair C.
Dates associated with a name 1929-
Fuller form of name (Alasdair Chalmers),
9 (RLIN) 7574
Titles and words associated with a name autor
240 1# - UNIFORM TITLE
Uniform title Dependen rational animals.
Language of a work Español
245 10 - TITLE STATEMENT
Title Animales racionales y dependientes :
Remainder of title por qué los seres humanos necesitamos las virtudes /
Statement of responsibility, etc. Alasdair MacIntyre
250 ## - EDITION STATEMENT
Edition statement 1a edición
264 #1 - PRODUCTION, PUBLICATION, DISTRIBUTION, MANUFACTURE, AND COPYRIGHT NOTICE
Place of production, publication, distribution, manufacture Barcelona, España :
Name of producer, publisher, distributor, manufacturer Paidós,
Date of production, publication, distribution, manufacture, or copyright notice 2001
300 ## - PHYSICAL DESCRIPTION
Extent 204 páginas ;
Dimensions 22 cm
336 ## - CONTENT TYPE
Fuente rdacontent
Content type term texto
Content type code txt
337 ## - MEDIA TYPE
Source rdamedia
Media type term sin medio
Media type code n
338 ## - CARRIER TYPE
Source rdacarrier
Carrier type term volumen
Carrier type code nc
490 0# - SERIES STATEMENT
Series statement Paidós Básica ;
Volume/sequential designation 111
500 ## - GENERAL NOTE
General note Reimpresiones: (11a, julio, 2024).
650 #7 - SUBJECT ADDED ENTRY--TOPICAL TERM
Source of heading or term armarc
Topical term or geographic name entry element Conducta (Ética)
650 #7 - SUBJECT ADDED ENTRY--TOPICAL TERM
Source of heading or term armarc
Topical term or geographic name entry element Ética
650 #7 - SUBJECT ADDED ENTRY--TOPICAL TERM
Source of heading or term armarc
Topical term or geographic name entry element Virtudes
650 #7 - SUBJECT ADDED ENTRY--TOPICAL TERM
Source of heading or term armarc
Topical term or geographic name entry element Etología
650 #7 - SUBJECT ADDED ENTRY--TOPICAL TERM
Source of heading or term armarc
Topical term or geographic name entry element Conducta
700 1# - ADDED ENTRY--PERSONAL NAME
Personal name Martínez de Mugía, Beatriz,
Relator term traductor
765 0# - ORIGINAL LANGUAGE ENTRY
Main entry heading MacIntyre, Alasdair
Title Dependen rational animals
Place, publisher, and date of publication [lugar de publicación no identificado] : Carus Publishing Company, 1999
942 ## - ADDED ENTRY ELEMENTS (KOHA)
Source of classification or shelving scheme Dewey Decimal Classification
Koha item type Libro
Classification part 170
Item part M5318
Existencias
Withdrawn status Lost status Source of classification or shelving scheme Damaged status Not for loan Collection code Home library Current library Shelving location Date acquired Source of acquisition Total Checkouts Full call number Barcode Checked out Date last seen Date last checked out Price effective from Koha item type
    Dewey Decimal Classification     Magisterial Biblioteca Karol Wojtyla Biblioteca Karol Wojtyla Módulo de circulación 03/12/2013 Compra 1 170 M5318 2001 61996 17/12/2026 17/12/2025 17/12/2025 03/12/2013 Magisterial